| 000 | 01176nam a2200217Ia 4500 | ||
|---|---|---|---|
| 003 | IT-RoPAU | ||
| 005 | 20220918175622.0 | ||
| 008 | 120407s9999 xx 000 0 und d | ||
| 040 |
_aIT-RoPAU _c20130318105846.0 |
||
| 040 | _cIT-RoPAU | ||
| 041 | _aita | ||
| 100 |
_aCapitolo Speciale Generale. Prima Sessione. _9467 |
||
| 245 |
_aLa vita spirituale paolina _bSeconda Commissione |
||
| 250 | _a1° ed | ||
| 260 |
_aRoma _bPSSP (Ad uso manoscritto) _c1969 |
||
| 300 |
_c26 cm _a146 pp. |
||
| 490 |
_v2 Vol. _aEP |
||
| 520 | _aSommario generale la vita religiosa paolina Introduzione (nn. 0.1-0.3) Capitolo I - I Principi spirituali della nostra vita (nn. 1.1.1-1.4.29) Capitolo II - Comunità di amore (nn. 2.1.1.-2.7.4.) Capitolo III - Comunità di preghiera (nn. 3.1.1.-3.11.12.) Capitolo IV - I voti religiosi (nn. 4.1.1.-4.5.9.) Allegati Al capitolo I (v. n. 1.4.8) (nn. 5.1.1.-5.4.11.) Allegato n°1: Gesù Maestro Via e Verita e Vita (nn. 5.1.1.-5.1.21) Allegato n° 2: Maestro (nn. 5.2.1-5.2.15.) Allegato n° 3: San Paolo (nn. 5.3.1.-5.3.15) Allegato n° 4: Maria Regina degli Apostoli (nn. 5.4.1.-5.4.11) Appendice | ||
| 942 |
_cBK _2ddc |
||
| 999 |
_c21752 _d21752 |
||